000 00740nam a2200229 a 4500
999 _c11430
_d11430
001 11430
003 BD-JhCC
005 20230205134024.0
008 190612b 2014bg |||| ||a| 000 0 ben d
020 _a9789844950443
035 _a(BD-JhCC)11430
040 _aBD-JhCC
_dBD-JhCC
041 _aben
082 _a891.443
_bMAJ 2014
100 _aমজুমদার, সমরেশ
245 _aনিবিড় প্রেমের উপন্যাস /
_c সমরেশ মজুমদার ।
260 _aঢাকা:
_bপার্ল পাবলিকেশন্স;
_c২০১৪.
300 _a৬৩২ পৃ. :
_c২২ সেমি.
650 _aNovel
942 _2ddc
_cBK
_017